000 01011nas a2200289 4500
001 BR8000224
003 BR-BrBNA
005 20231205084105.0
007 ta
008 230509b bl.|||p| |||| 00| 00por d
040 _aBR-BrBNA
_bpor
_cBiblioteca Nacional de Agricultura
041 _a(Pt)
072 _aH10
100 1 _aLara, F.M.
100 1 _aBarbosa Filho, G.C.
100 1 _aBusoli, A.C.
100 1 _aBarbosa, J.C.
245 1 _aComportamento de genotipos de sorgo em relacao ao ataque de Diatraea saccharalis (Fabricius, 1794)[Sorghum spp; Broca]
246 1 _aEvaluation of sorghum genotypes to attacks of the sugarcane borer, Diatraea saccharalis (Fabricius, 1794)[Sorghum spp; Borer]
650 _aPraga de planta
650 _aSorgo
650 _aBroca
650 _aVariedade resistente
773 0 _tAnais da Sociedade Entomologica do Brasil (Brazil)
_xISSN 0301-8059
_g(1979), v. 8(1) p. 125-130
_wBR8000224
909 _a202311
_bLúcia
_c55
_dLúcia Elande
942 _2AGRIS
_n0
_cANA
999 _c103079
_d103079